10 Capitals Closest to Santiago - Statistics

General Stats
  • This quiz has been taken 49 times
  • The average score is 8 of 10
Answer Stats
km Capital % Correct
1133 Buenos Aires
100%
3007 Brasilia
95%
2460 Lima
95%
3776 Quito
91%
4236 Bogota
89%
1898 La Paz
86%
1341 Montevideo
86%
1551 Asuncion
82%
1691 Sucre
59%
4653 Paramaribo
39%
No matching quizzes found
Score Distribution
Percent of People with Each Score
Percentile by Number Answered
Your Score History
You have not taken this quiz